| 000 | 00408cam a2200157ua 4500 | ||
|---|---|---|---|
| 041 |
_aeng _h |
||
| 082 |
_a823.308 _bDIC/SE |
||
| 100 | _aDickens, Charles. | ||
| 245 |
_aSelections from peckwick papers / _cCharles Dickens. _hTextual Documents |
||
| 250 |
_a1 / _b. |
||
| 260 |
_aLondon : _bUniversity of London Press Ltd , _c1958. |
||
| 300 | _a160 ; . | ||
| 504 | _a | ||
| 942 | _cBK | ||
| 999 |
_c6863 _d6863 |
||